000
00310nam a2200121Ia 4500
008
220204s9999 xx 000 0 und d
082
_a
369.011.6
_b
DIX
245
0
_a
Poverty:A persistant global reality
260
_a
London
_b
Routledge
_c
1998
700
_a
Dixon, John
700
_a
Macarov, David
942
_c
BK
999
_c
41688
_d
41688